Responses for show #4737 - Tuesday, March 22, 2005

2005 Ultimate Tournament of Champions Round 1, game 30.

Contestants

[<< previous game]

Jamie Weiss, a law student from St. Louis, Missouri

Jeff Stewart, an executive from Los Alamos, New Mexico

Michael Daunt, an accountant from Oakville, Ontario, Canada

[next game >>]

Jeopardy! Round responses

WE WERE SOLDIERS
ROCK BAND DRUMMERS
BEN, BENJAMIN OR JUST PLAIN B
WORD ORIGINS
DO IT LIKE THE EUROPEANS
THAT'S SO "CONTINENTAL"
    $200 21
the Civil War

Michael
    $200 1
Genesis

Michael
    $200 22
(Alex: [*], for bishop.)

just plain B

Jamie
    $200 5
taboo

Michael
    $200 11
the Mona Lisa

Michael
    $200 16
Continental Congress

Michael
    $400 23
the Third Army

Jeff
    $400 2
The Monkees

Michael
    $400 27
Ben

Jeff
    $400 7
plumber

Michael
    $400 12
cork

Michael
    $400 17
Continental Airlines

Jeff
    $600 26
Bradley

Michael
    $600 3
The Who

Michael
    $600 30
(Alex: [*] was the actor and director.)

(Richard) Benjamin

Jeff
    $600 8
limbo

Triple Stumper
    $600 13
Vlad the Impaler

Michael
    $600 18
the Continental Basketball Association

Michael
    $3,000 25
(Alex: From Knoxville, yes.)

(Henry) Knox

Michael
    $800 4
The Doors

Jamie
    $800 29
Ben

Michael
    $800 9
ostracism

Michael
    $800 14
currency

Michael
    $800 19
continental drift

Michael
    $1000 24
Audie Murphy

Michael
    $1000 6
Spinal Tap

Triple Stumper
    $1000 28
B

Triple Stumper
    $1000 10
melancholy

Michael
    $1000 15
Norway

Michael
    $1000 20
the Continental United States

Triple Stumper

Scores at the first commercial break (after clue 15):

Michael Jeff Jamie
$6,600 $0 $800

Scores at the end of the Jeopardy! Round:

Michael Jeff Jamie
$13,800 $1,800 $1,000

Double Jeopardy! Round responses

GERMAN COMPOSERS
MOVIE TITLE PAIRS
20th CENTURY SCIENCE
YANKEE MAGAZINE
KIDDIE LIT
5-LETTER WORDS
    $400 29
Wagner

Jeff
    $400 1
Thelma and Louise

Jamie
    $400 6
planets

Jeff
    $400 30
Robert Frost

Jamie
    $400 25
Armstrong

Jeff
    $400 12
rigor

Michael
    $800 27
an opera

Jeff
    $800 2
Dumb and Dumber

Michael
    $800 9
(Jeff: That was dumb. What's graft?)

a clone

MichaelJeff
    $800 28
(Jamie: What's a drive-thru window?)
(Michael: What's clam chowder?)

the Toll House cookie

MichaelJamie
Triple Stumper
    $800 26
the shoemaker

Michael
    $800 13
(Jeff: What's thesis?)

topic

Jeff
Triple Stumper
    $1200 23
Beethoven

Triple Stumper
    $1200 3
The Bachelor and the Bobby-Soxer

Michael
    $1200 10
microwave

Jeff
    $1200 24
(Jeff: What is J. Crew?)

L.L. Bean

JeffJamie
    $1200 17
the Little Mermaid

Michael
    $1200 14
halve

Jeff
    $1600 22
Felix Mendelssohn

Triple Stumper
    $1600 4
Freebie and the Bean

Michael
    $1600 11
Edwin Land

Michael
    $1600 16
Washington

Jeff
    $6,000 21
(Jeff: Bet it all.)
(Alex: I figured you must. Here is the clue for you in KIDDY LIT...)

Hans Brinker

Jeff
    $1600 18
prone

Jeff
    $2,200 7
(Alex: You have a long way to go.)
(Jeff: Can I bet $22,000?)
(Alex: No.)
(Jeff: $2,200 then?)
(Alex: Sure. Here is the clue for you...)
...
(Alex: Jeff?)
(Jeff: Who is... Hofstadter?)

Richard Strauss

Jeff
    $2000 5
David and Bathsheba

Triple Stumper
    $2000 8
insulin

Michael
    $2000 20
Penobscot Bay

Triple Stumper
    $2000 15
Nutkin

Jeff
    $2000 19
drown

Triple Stumper

Scores at the end of the Double Jeopardy! Round:

Michael Jeff Jamie
$23,400 $12,400 $2,200

[wagering suggestions for these scores]

Final Jeopardy! Round responses

CYBER-GLOSSARY
(Alex: [To Jamie] An incarnation of Vishnu, you are right.)
JamieWhat is an Avatar?
$2,200
JeffWhat is Avatar
$12,400
MichaelWhat is avatar?
$1,401
an avatar

Final scores:

Michael Jeff Jamie
$24,801 $24,800 $4,400
Winner: $24,801 and an advance to UToC Round 2 2nd place: $5,000 3rd place: $5,000

Game dynamics:

Coryat scores:

Michael Jeff Jamie
$21,200 $10,200 $2,200
29 R
(including 1 DD),
1 W
14 R
(including 1 DD),
4 W
(including 1 DD)
5 R,
1 W

Combined Coryat: $33,600

The J! Archive is created by fans, for fans. The Jeopardy! game show and all elements thereof, including but not limited to copyright and trademark thereto, are the property of Jeopardy Productions, Inc. and are protected under law. This website is not affiliated with, sponsored by, or operated by Jeopardy Productions, Inc. Join the discussion at JBoard.tv.